Fundamentals of electrochemical deposition /
Salvato in:
| Autore principale: | |
|---|---|
| Altri autori: | |
| Natura: | Libro |
| Lingua: | inglese |
| Pubblicazione: |
Hoboken, N.J.
Wiley-Interscience
c2006.
|
| Edizione: | 2nd ed. |
| Serie: | The Electrochemical Society series
|
| Soggetti: | |
| Accesso online: | Table of contents only Visualizza in OPAC |
| Tags: |
Nessun Tag, puoi essere il primo ad aggiungerne!!
|
MARC
| LEADER | 00000cam a22000004a 4500 | ||
|---|---|---|---|
| 005 | 20260127134057.0 | ||
| 008 | 051208s2006 njua b 001 0 eng | ||
| 010 | |a 2005-058421 | ||
| 015 | |a GBA650782 |2 bnb | ||
| 016 | 7 | |a 013480082 |2 Uk | |
| 020 | |a 0471712213 | ||
| 020 | |a 9780471712213 | ||
| 035 | |a vtls008953332 | ||
| 039 | 9 | |y 200703081051 |z mschk03 | |
| 040 | |a STUSCHK1 |b slo |c STUSCHK1 |d DLC |d BAKER |d UKM |d C#P |d YDXCP |d DLC | ||
| 042 | |a pcc | ||
| 082 | 0 | 0 | |a 671.7/32 |2 22 |
| 100 | 1 | |a Paunovic, Milan. | |
| 245 | 1 | 0 | |a Fundamentals of electrochemical deposition / |c Milan Paunovic, Mordechay Schlesinger. |
| 250 | |a 2nd ed. | ||
| 260 | |a Hoboken, N.J. |b Wiley-Interscience |c c2006. | ||
| 300 | |a x, 373 p. |b ill. |c 25 cm. | ||
| 440 | 4 | |a The Electrochemical Society series | |
| 504 | |a Includes bibliographical references and index. | ||
| 650 | 0 | |a Electroplating. | |
| 700 | 1 | |a Schlesinger, Mordechay. | |
| 856 | 4 | 1 | |3 Table of contents only |u http://www.loc.gov/catdir/toc/fy0704/2005058421.html |
| 906 | |a 7 |b cbc |c orignew |d 1 |e ocip |f 20 |g y-gencatlg | ||
| 910 | |a SCHK95 | ||
| 919 | |a 0-471-71221-3 | ||
| 925 | 0 | |a acquire |b 2 shelf copies |x policy default | |
| 955 | |d jf02 2005-12-19 |e jf02 2005-12-19 to Dewey |f jf03 2006-11-07 Z-CipVer; |g jf03 2006-11-07 to BCCD | ||
| 999 | |c 3522 |d 3522 | ||